[Event "MrDodgy Inv 3 Finals"]
[Site "chess24.com INT"]
[Date "2022.11.28"]
[Round "1.9"]
[White "Van Foreest, Jorden"]
[Black "Cori, Jorge"]
[Result "1-0"]
[WhiteTitle "GM"]
[BlackTitle "GM"]
[WhiteElo "2690"]
[BlackElo "2651"]
[WhiteFideId "1039784"]
[BlackFideId "3802272"]
[EventDate "2022.11.27"]
[EventType "k.o."]

1. e4 c6 2. d4 d5 3. e5 Bf5 4. h4 h5 5. Bd3 Bxd3 6. Qxd3 Qa5+ 7. b4 Qxb4+ 8. Nd2
Qb5 9. c4 dxc4 10. Nxc4 e6 11. Rb1 Qa6 12. Nf3 Nd7 13. Qb3 b5 14. Ncd2 Ne7 15.
Ne4 Nd5 16. O-O N7b6 17. Nfg5 Rd8 18. Bd2 Rd7 19. Rfc1 Nc4 20. a4 Nxd2 21. Nxd2
Bb4 22. axb5 Qxb5 23. Nde4 a5 24. Qg3 Qe2 25. Rxc6 O-O 26. Rbc1 Qg4 27. Qxg4
hxg4 28. Ra6 Rdd8 29. Nd6 Ra8 30. Rcc6 a4 31. Ndxf7 a3 32. Nxe6 Rxa6 33. Rxa6
Kxf7 34. Nxf8 Bxf8 35. e6+ Kf6 36. e7+ Kxe7 37. Rxa3 Ke6 38. Ra6+ Bd6 39. g3 Nc7
40. Rb6 Kd5 41. Kg2 Ne6 42. Rb7 Kxd4 43. f3 gxf3+ 44. Kxf3 Ke5 45. Rb5+ Kf6 46.
Ra5 Nd4+ 47. Ke4 Nb3 48. Rb5 Nd2+ 49. Kd3 Nf3 50. Ke3 Ne5 51. Ke4 Ke6 52. Rb6
Nd7 53. Rc6 Nf6+ 54. Kf3 Kd5 55. Rc2 Be5 56. Rd2+ Ke6 57. g4 Nd5 58. g5 Ne7 59.
Kg4 Bd6 60. Re2+ Kf7 61. h5 Nd5 62. g6+ Kf6 63. Rf2+ Ke6 64. Rf7 Be5 65. h6 Ne3+
66. Kf3 1-0

[Event "MrDodgy Inv 3 Finals"]
[Site "chess24.com INT"]
[Date "2022.11.29"]
[Round "2.1"]
[White "Carlsen, Magnus"]
[Black "Shevchenko, Kirill"]
[Result "1-0"]
[WhiteTitle "GM"]
[BlackTitle "GM"]
[WhiteElo "2859"]
[BlackElo "2649"]
[WhiteFideId "1503014"]
[BlackFideId "14129574"]
[EventDate "2022.11.27"]
[EventType "k.o."]

1. e4 c5 2. Nf3 Nc6 3. d4 cxd4 4. Nxd4 Nf6 5. Nc3 d6 6. h3 e5 7. Nf3 h6 8. Bc4
Be6 9. Bb3 Be7 10. O-O O-O 11. Re1 Rc8 12. Nd5 Bxd5 13. exd5 Na5 14. c3 Nxb3 15.
axb3 a6 16. Nh4 Qd7 17. Qf3 e4 18. Qf5 Qxf5 19. Nxf5 Rfe8 20. Bf4 Nxd5 21. Rxe4
Nxf4 22. Rxe7 Nd3 23. Rd1 Nc5 24. Rxd6 Kf8 25. Rxe8+ Rxe8 26. b4 Na4 27. Rd2 g6
28. Ne3 Re5 29. g3 a5 30. bxa5 Rxa5 31. b4 Re5 32. c4 Re4 33. Kg2 Ke8 34. Kf3
Re6 35. Nd5 Rc6 36. c5 b6 37. Ra2 b5 38. Rd2 f6 39. Re2+ Kf8 40. h4 f5 41. h5 g5
42. Re5 1-0

[Event "MrDodgy Inv 3 Finals"]
[Site "chess24.com INT"]
[Date "2022.11.29"]
[Round "2.2"]
[White "Shevchenko, Kirill"]
[Black "Carlsen, Magnus"]
[Result "1/2-1/2"]
[WhiteTitle "GM"]
[BlackTitle "GM"]
[WhiteElo "2649"]
[BlackElo "2859"]
[WhiteFideId "14129574"]
[BlackFideId "1503014"]
[EventDate "2022.11.27"]
[EventType "k.o."]

1. Nf3 d5 2. c4 e6 3. g3 Nf6 4. Bg2 Be7 5. O-O O-O 6. b3 b6 7. Bb2 Bb7 8. e3
dxc4 9. bxc4 c5 10. Nc3 Nc6 11. Qe2 Nb4 12. d4 cxd4 13. exd4 Rc8 14. Rfd1 Ba6
15. Ne5 Bd6 16. a3 Nbd5 17. Nb5 Bxb5 18. cxb5 Rc7 19. Nc6 Qc8 20. a4 a6 21. Bf3
h6 22. Qd2 Qd7 23. Rac1 axb5 24. axb5 Ra8 25. Ra1 Rcc8 26. Kg2 Qb7 27. Qd3 Rxa1
28. Rxa1 Ra8 29. Qb1 Qc8 30. h4 Rxa1 31. Qxa1 Nc7 32. Qa4 Nfd5 33. Qc4 Qa8 34.
Kg1 Ba3 35. Bxd5 Nxd5 36. Qa2 Qa4 37. Qxa3 Qxb5 38. Ne5 f6 39. Ng4 Qe2 40. Nh2
b5 41. Bc1 Qd1+ 42. Nf1 Qxd4 43. Be3 Qc4 44. Nd2 Qc6 45. Qb3 b4 46. Nf3 Nxe3 47.
Qxe3 Qd5 48. Nd4 e5 49. Nf5 Qe6 50. Qe4 b3 51. Nd4 Qc4 52. Qa8+ Kh7 53. Qe4+ Kg8
54. Qa8+ Kh7 55. Qe4+ Kg8 1/2-1/2

[Event "MrDodgy Inv 3 Finals"]
[Site "chess24.com INT"]
[Date "2022.11.29"]
[Round "2.3"]
[White "Carlsen, Magnus"]
[Black "Shevchenko, Kirill"]
[Result "1/2-1/2"]
[WhiteTitle "GM"]
[BlackTitle "GM"]
[WhiteElo "2859"]
[BlackElo "2649"]
[WhiteFideId "1503014"]
[BlackFideId "14129574"]
[EventDate "2022.11.27"]
[EventType "k.o."]

1. e4 c5 2. Nf3 Nc6 3. Bb5 e6 4. Bxc6 bxc6 5. b3 f6 6. c3 Ne7 7. O-O Ng6 8. d4
cxd4 9. cxd4 Ba6 10. Re1 Bb4 11. Bd2 Qa5 12. a3 Bxd2 13. Nbxd2 O-O 14. b4 Qh5
15. Nb3 Nf4 16. Nc5 Qg4 17. g3 Be2 18. Rxe2 Nh3+ 19. Kg2 Nf4+ 20. Kg1 Nh3+ 21.
Kg2 Nf4+ 22. Kg1 1/2-1/2

[Event "MrDodgy Inv 3 Finals"]
[Site "chess24.com INT"]
[Date "2022.11.29"]
[Round "2.4"]
[White "Shevchenko, Kirill"]
[Black "Carlsen, Magnus"]
[Result "0-1"]
[WhiteTitle "GM"]
[BlackTitle "GM"]
[WhiteElo "2649"]
[BlackElo "2859"]
[WhiteFideId "14129574"]
[BlackFideId "1503014"]
[EventDate "2022.11.27"]
[EventType "k.o."]

1. e4 c6 2. d4 d5 3. f3 e6 4. Nc3 Nf6 5. e5 Nfd7 6. f4 c5 7. Nf3 Nc6 8. Be3 a6
9. a3 cxd4 10. Nxd4 Bc5 11. Qd2 Bxd4 12. Bxd4 Nxd4 13. Qxd4 Qb6 14. Qxb6 Nxb6
15. Bd3 Bd7 16. Ne2 Ke7 17. Nd4 g6 18. Ke2 h5 19. h4 Na4 20. b3 Nc5 21. a4 a5
22. Ke3 b6 23. Rhb1 Rhc8 24. Rc1 Rc7 25. Rd1 Bc8 26. Nb5 Rd7 27. Nd6 Ba6 28. Bb5
Bxb5 29. axb5 Rb8 30. Rd4 Nb7 31. Nxb7 Rbxb7 32. c4 Rbc7 33. Ra4 Rc5 34. Kd3 f6
35. exf6+ Kxf6 36. Kc3 Rdc7 37. Kd3 Kf5 38. Ra2 Rd7 39. Ke3 Rd8 40. Rad2 Kf6 41.
Rd1 Rdc8 42. cxd5 Rxb5 43. R1d3 exd5 44. Rxd5 Rxd5 45. Rxd5 Rc3+ 46. Ke4 Rxb3
47. Rd6+ Kf7 48. Rd7+ Ke6 49. Rg7 Rb4+ 50. Kf3 Kf6 51. Ra7 a4 0-1

[Event "MrDodgy Inv 3 Finals"]
[Site "chess24.com INT"]
[Date "2022.11.29"]
[Round "2.5"]
[White "Carlsen, Magnus"]
[Black "Shevchenko, Kirill"]
[Result "1-0"]
[WhiteTitle "GM"]
[BlackTitle "GM"]
[WhiteElo "2859"]
[BlackElo "2649"]
[WhiteFideId "1503014"]
[BlackFideId "14129574"]
[EventDate "2022.11.27"]
[EventType "k.o."]

1. d4 Nf6 2. Bg5 Ne4 3. Bf4 c5 4. f3 Qa5+ 5. c3 Nf6 6. d5 Qb6 7. Bc1 e6 8. c4
exd5 9. cxd5 c4 10. e3 Bc5 11. Kf2 O-O 12. Bxc4 Re8 13. Qb3 Qc7 14. d6 Bxd6 15.
Bxf7+ Kh8 16. Nc3 Rf8 17. Nb5 Qc5 18. Nxd6 Qxd6 19. Ne2 Nc6 20. Nf4 Ne5 21. Rd1
Qc5 22. Bd5 g5 23. Nd3 Qxd5 24. Qxd5 Neg4+ 25. fxg4 Nxd5+ 26. Kg1 d6 27. h3 Nf6
28. Nf2 d5 29. e4 Nxe4 30. Nxe4 dxe4 31. Bxg5 Be6 32. Rd4 Rac8 33. Rxe4 Bd5 34.
Re5 Bc6 35. Re7 Rcd8 36. Rae1 Rd3 37. Bh6 Rfd8 38. Rf7 Bd5 39. Rc7 Rg3 40. Ree7
Rxg2+ 41. Kf1 Be4 42. Rxe4 Rxb2 43. Bg7+ 1-0

[Event "MrDodgy Inv 3 Finals"]
[Site "chess24.com INT"]
[Date "2022.11.29"]
[Round "2.6"]
[White "Shevchenko, Kirill"]
[Black "Carlsen, Magnus"]
[Result "1-0"]
[WhiteTitle "GM"]
[BlackTitle "GM"]
[WhiteElo "2649"]
[BlackElo "2859"]
[WhiteFideId "14129574"]
[BlackFideId "1503014"]
[EventDate "2022.11.27"]
[EventType "k.o."]

1. Nf3 Nf6 2. c4 b6 3. g3 Bb7 4. Bg2 g6 5. O-O Bg7 6. d4 O-O 7. d5 b5 8. Qb3 c6
9. Nc3 cxd5 10. cxb5 a6 11. Nd4 e6 12. Bf4 Ne8 13. Rfd1 axb5 14. Ndxb5 Nc6 15.
e4 d4 16. Nxd4 Bxd4 17. Qxb7 e5 18. Rxd4 exd4 19. Nd5 Ra7 20. Qb3 Ng7 21. h4 Ne6
22. Bd6 Re8 23. Qf3 Kg7 24. Rc1 Rxa2 25. h5 Qg5 26. h6+ Kxh6 27. Rc5 Kg7 28. Nc7
Ra1+ 29. Bf1 Nxc5 30. Nxe8+ Kg8 31. Nf6+ Kg7 32. Bf8+ Kh8 33. Nxh7 Ne5 34. Nxg5
Nxf3+ 35. Nxf3 Nxe4 36. Kg2 d6 37. Nxd4 Kg8 38. Bh6 Rb1 39. Bd3 Rd1 40. Bxe4
Rxd4 41. Bf3 Rb4 42. Bc1 Kg7 43. Kf1 Kf6 44. Ke2 Ke6 45. Kd3 d5 46. Kc3 Rc4+ 47.
Kd2 Rb4 48. Kc2 Rc4+ 49. Kd1 Rb4 50. Be2 f5 51. Bd3 Rb3 52. Kc2 Rb8 53. b3 Rc8+
54. Kd2 Rb8 55. Bc2 Ra8 56. Bb2 Ra2 57. Bd4 Ra8 58. f4 Rb8 59. Kc3 Rb7 60. b4
Rh7 61. b5 Rh3 62. Kb4 Rxg3 63. b6 Kd6 64. Ba4 Rg1 65. Be5+ Ke6 66. b7 Rb1+ 67.
Bb3 Rxb3+ 68. Kxb3 Kf7 69. b8=Q g5 70. Qd6 gxf4 71. Qf6+ 1-0

[Event "MrDodgy Inv 3 Finals"]
[Site "chess24.com INT"]
[Date "2022.11.29"]
[Round "2.7"]
[White "Carlsen, Magnus"]
[Black "Shevchenko, Kirill"]
[Result "0-1"]
[WhiteTitle "GM"]
[BlackTitle "GM"]
[WhiteElo "2859"]
[BlackElo "2649"]
[WhiteFideId "1503014"]
[BlackFideId "14129574"]
[EventDate "2022.11.27"]
[EventType "k.o."]

1. e4 c5 2. Nf3 d6 3. d4 cxd4 4. Qxd4 Nc6 5. Qe3 g6 6. Be2 Bg7 7. O-O Nf6 8. h3
O-O 9. Rd1 Be6 10. c4 Qb6 11. Nc3 Rfc8 12. Qxb6 axb6 13. Be3 Nb4 14. b3 Nc2 15.
Rac1 Nxe3 16. fxe3 b5 17. cxb5 Bh6 18. Nd2 Bxe3+ 19. Kf1 Rc5 20. a4 Rac8 21. Nc4
Bxc1 22. Rxc1 Bxc4 23. bxc4 Rxc4 24. Bxc4 Rxc4 25. a5 Nxe4 26. Ne2 Ra4 27. g4
Rxa5 28. Rc7 Rxb5 29. Rxe7 d5 30. Rd7 Kg7 31. Nf4 Kf6 32. Ke2 Rb2+ 33. Ke3 Rb3+
34. Kd4 Rb4+ 35. Ke3 Nc5 36. Rxd5 Ne6 37. Nd3 Rb3 38. h4 b6 39. Kd2 h6 40. Rd6
Ke7 41. Rc6 Nd4 42. Rc7+ Kf6 43. Rc4 Nf3+ 44. Kc2 Rxd3 45. Rf4+ Ke5 46. Rxf7
Ne1+ 0-1

[Event "MrDodgy Inv 3 Finals"]
[Site "chess24.com INT"]
[Date "2022.11.29"]
[Round "2.8"]
[White "Shevchenko, Kirill"]
[Black "Carlsen, Magnus"]
[Result "1-0"]
[WhiteTitle "GM"]
[BlackTitle "GM"]
[WhiteElo "2649"]
[BlackElo "2859"]
[WhiteFideId "14129574"]
[BlackFideId "1503014"]
[EventDate "2022.11.27"]
[EventType "k.o."]

1. Nf3 d5 2. c4 d4 3. b4 Bg4 4. g3 a5 5. b5 Bxf3 6. exf3 Nd7 7. Bg2 e6 8. f4 Nc5
9. O-O Nf6 10. d3 Be7 11. Nd2 O-O 12. Nb3 Nfd7 13. Bb2 Nxb3 14. axb3 Nc5 15. Re1
Qd7 16. Ba3 Rab8 17. Re5 b6 18. Bc6 Qd8 19. b4 Nd7 20. Re4 Nf6 21. bxa5 Bxa3 22.
Rxa3 Nxe4 23. Bxe4 bxa5 24. Bc6 e5 25. f5 Qf6 26. Qf3 g6 27. Rxa5 Qxf5 28. Qxf5
gxf5 29. Ra7 e4 30. Kf1 exd3 31. Ke1 Rfc8 32. Kd2 Kg7 33. Kxd3 Kf6 34. Kxd4 f4
35. Kc5 h5 36. Bd7 Ra8 37. Rb7 Rd8 38. Rxc7 Ra2 39. b6 Rxf2 40. b7 Rb8 41. Bc6
Rxh2 42. gxf4 Rb2 43. Bd5 Rf8 44. Rc8 Kg7 45. Rxf8 Kxf8 46. Bc6 1-0

[Event "MrDodgy Inv 3 Finals"]
[Site "chess24.com INT"]
[Date "2022.11.29"]
[Round "2.9"]
[White "Carlsen, Magnus"]
[Black "Shevchenko, Kirill"]
[Result "1-0"]
[WhiteTitle "GM"]
[BlackTitle "GM"]
[WhiteElo "2859"]
[BlackElo "2649"]
[WhiteFideId "1503014"]
[BlackFideId "14129574"]
[EventDate "2022.11.27"]
[EventType "k.o."]

1. d4 d5 2. c4 c6 3. Nf3 Nf6 4. Nc3 dxc4 5. a4 Bf5 6. e3 e6 7. a5 Nbd7 8. Bxc4
Bb4 9. Qa4 Qe7 10. O-O O-O 11. Be2 Rac8 12. Rd1 Rfd8 13. Bd2 c5 14. Be1 cxd4 15.
Nxd4 Bg6 16. a6 Nb6 17. Qb5 bxa6 18. Qxa6 Bxc3 19. Bxc3 Ne4 20. Be1 Nc5 21. Qa3
Qb7 22. Bb4 Nbd7 23. Nb5 Ne4 24. f3 a6 25. Qxa6 Qxa6 26. Rxa6 Ndc5 27. Rxd8+
Rxd8 28. Rc6 1-0

[Event "MrDodgy Inv 3 Finals"]
[Site "chess24.com INT"]
[Date "2022.11.29"]
[Round "2.10"]
[White "Shevchenko, Kirill"]
[Black "Carlsen, Magnus"]
[Result "0-1"]
[WhiteTitle "GM"]
[BlackTitle "GM"]
[WhiteElo "2649"]
[BlackElo "2859"]
[WhiteFideId "14129574"]
[BlackFideId "1503014"]
[EventDate "2022.11.27"]
[EventType "k.o."]

1. Nf3 d5 2. c4 c6 3. g3 Nf6 4. Bg2 g6 5. b3 Bg7 6. Bb2 O-O 7. O-O a5 8. d3 Bg4
9. Nbd2 Nbd7 10. a3 Ne8 11. Qc2 Bxb2 12. Qxb2 e6 13. b4 Bxf3 14. Bxf3 Qf6 15.
Qxf6 Ndxf6 16. Nb3 axb4 17. axb4 Nd6 18. b5 dxc4 19. dxc4 Nxc4 20. bxc6 bxc6 21.
Rxa8 Rxa8 22. Bxc6 Ra2 23. e3 Ne5 24. Nd4 g5 25. h3 h5 26. Bg2 g4 27. hxg4 hxg4
28. Nc6 Nd3 29. f3 Re2 30. fxg4 Nxg4 31. Bf3 Rxe3 32. Nd4 Nge5 33. Bh5 Rxg3+ 34.
Kh2 Re3 35. Rf6 Kg7 36. Rf1 Re4 37. Bxf7 Nxf7 38. Nxe6+ Rxe6 39. Kg3 Kg6 40. Kf3
Ng5+ 41. Kg3 Re3+ 42. Kg4 Ne4 43. Kh4 Ne5 44. Rg1+ Kh6 45. Rg8 Ng6+ 0-1

[Event "MrDodgy Inv 3 Finals"]
[Site "chess24.com INT"]
[Date "2022.11.29"]
[Round "2.11"]
[White "Carlsen, Magnus"]
[Black "Shevchenko, Kirill"]
[Result "1-0"]
[WhiteTitle "GM"]
[BlackTitle "GM"]
[WhiteElo "2859"]
[BlackElo "2649"]
[WhiteFideId "1503014"]
[BlackFideId "14129574"]
[EventDate "2022.11.27"]
[EventType "k.o."]

1. e4 c5 2. Nf3 Nc6 3. Bb5 g6 4. O-O Bg7 5. Re1 e5 6. Bxc6 dxc6 7. d3 Qe7 8. a4
Nf6 9. Nbd2 O-O 10. Nc4 Ne8 11. Bg5 f6 12. Be3 Nc7 13. Nfd2 Rd8 14. f4 exf4 15.
Bxf4 Ne6 16. Bg3 b5 17. Na5 c4 18. Nf3 cxd3 19. cxd3 Qb4 20. axb5 Qxb5 21. d4 f5
22. Bf2 fxe4 23. Rxe4 Qd5 24. Qe2 Ba6 25. Qe3 Bh6 26. Qe1 Nf4 27. Re5 Qd7 28.
Re7 Qg4 29. Bg3 Nd5 30. Nxc6 Rf8 31. Rxa6 Nxe7 32. Nxe7+ Kh8 33. Be5+ Bg7 34.
Bxg7+ Kxg7 35. Qe5+ Kh6 36. Qe3+ Kg7 37. h3 Qg3 38. Qe5+ Qxe5 39. Nxe5 Rfe8 40.
N7c6 Rac8 41. Rxa7+ Kf6 42. b4 Ke6 43. b5 Kd5 44. Ne7+ Kxd4 45. Nxc8 1-0

[Event "MrDodgy Inv 3 Finals"]
[Site "chess24.com INT"]
[Date "2022.11.29"]
[Round "2.1"]
[White "Sevian, Samuel"]
[Black "Van Foreest, Jorden"]
[Result "1-0"]
[WhiteTitle "GM"]
[BlackTitle "GM"]
[WhiteElo "2687"]
[BlackElo "2690"]
[WhiteFideId "2040506"]
[BlackFideId "1039784"]
[EventDate "2022.11.27"]
[EventType "k.o."]

1. d4 Nf6 2. c4 e6 3. Nf3 d5 4. Nc3 c5 5. cxd5 exd5 6. g3 Nc6 7. Bg2 Be7 8. O-O
O-O 9. dxc5 Bxc5 10. Bg5 d4 11. Ne4 Be7 12. Bxf6 Bxf6 13. Nxf6+ Qxf6 14. b4 Nxb4
15. Nxd4 Rd8 16. Qa4 Nd5 17. Bxd5 Bh3 18. e4 Bxf1 19. Rxf1 a6 20. Rc1 b5 21. Qb4
Rac8 22. Nc6 Kh8 23. Kg2 Re8 24. Rc3 Rc7 25. Rf3 Qg6 26. Ne5 1-0

[Event "MrDodgy Inv 3 Finals"]
[Site "chess24.com INT"]
[Date "2022.11.29"]
[Round "2.2"]
[White "Van Foreest, Jorden"]
[Black "Sevian, Samuel"]
[Result "0-1"]
[WhiteTitle "GM"]
[BlackTitle "GM"]
[WhiteElo "2690"]
[BlackElo "2687"]
[WhiteFideId "1039784"]
[BlackFideId "2040506"]
[EventDate "2022.11.27"]
[EventType "k.o."]

1. e4 e5 2. Nf3 Nc6 3. Bc4 Bc5 4. d3 Nf6 5. Nc3 d6 6. Na4 Bb6 7. Nxb6 axb6 8. a4
Ne7 9. h3 Ng6 10. O-O O-O 11. Re1 h6 12. d4 Qe7 13. b3 Re8 14. Bb2 Bd7 15. Re3
Bc6 16. Qe1 Nh7 17. Rd1 Rad8 18. Nh2 Ng5 19. Ng4 Bd7 20. f3 h5 21. Nf2 Ne6 22.
dxe5 dxe5 23. Nd3 Qg5 24. Kh2 h4 25. Qf2 Nef4 26. Ree1 Be6 27. Bb5 c6 28. Bc4
Bxc4 29. bxc4 c5 30. Bc1 Qf6 31. Bxf4 Nxf4 32. Nxf4 Qxf4+ 33. Kg1 Rd4 34. c3
Rxc4 35. Qc2 Ra8 36. Ra1 b5 37. axb5 Rxa1 38. Rxa1 Qe3+ 39. Qf2 Qxf2+ 40. Kxf2
Rxc3 41. Ra8+ Kh7 42. Rb8 Rc2+ 43. Kg1 f6 44. Rxb7 Rb2 45. b6 c4 46. Rc7 Rxb6
47. Rxc4 Rb1+ 48. Kh2 g5 49. Rc7+ Kg6 50. Rc8 Rb7 51. Rg8+ Rg7 52. Ra8 Rf7 53.
Ra6 Rg7 54. Rb6 Rf7 55. Rb2 Rg7 56. Kg1 Rc7 57. Kf2 Rc3 58. Ke2 Rc4 59. Kd3 Rc8
60. Rb5 Rd8+ 61. Ke3 Ra8 62. Rb3 Ra2 63. Rb1 Rxg2 64. Rh1 Rg3 65. Kf2 f5 66.
exf5+ Kxf5 67. Ra1 Rxh3 68. Kg2 Rg3+ 69. Kf2 e4 70. fxe4+ Kf4 71. Ra4 Rb3 72.
e5+ Kxe5 73. Ra5+ Kf4 74. Ra4+ Kf5 75. Ra5+ Kg4 76. Ra4+ Kh3 77. Ra1 Rb2+ 78.
Ke3 Kg2 79. Ra4 Rb3+ 80. Ke4 h3 81. Ra2+ Kg3 82. Ra1 h2 83. Kf5 Kh3 84. Kxg5
Rg3+ 85. Kh5 Rg1 86. Ra3+ Kg2 87. Ra2+ Kg3 88. Ra3+ Kf4 89. Ra4+ Ke5 90. Rh4
h1=Q 91. Rxh1 Rxh1+ 92. Kg4 Rf1 93. Kg3 Rf4 94. Kg2 Kf5 95. Kh3 Kg5 96. Kg3 Kf5
97. Kh3 Rf3+ 98. Kh2 Kf4 99. Kg2 Kg4 100. Kh2 Rf2+ 101. Kh1 Kf3 102. Kg1 Kg3
103. Kh1 Rf1# 0-1

[Event "MrDodgy Inv 3 Finals"]
[Site "chess24.com INT"]
[Date "2022.11.29"]
[Round "2.3"]
[White "Sevian, Samuel"]
[Black "Van Foreest, Jorden"]
[Result "0-1"]
[WhiteTitle "GM"]
[BlackTitle "GM"]
[WhiteElo "2687"]
[BlackElo "2690"]
[WhiteFideId "2040506"]
[BlackFideId "1039784"]
[EventDate "2022.11.27"]
[EventType "k.o."]

1. e4 e5 2. Nf3 Nc6 3. Bb5 Nf6 4. O-O Nxe4 5. Re1 Nd6 6. Nxe5 Be7 7. Bf1 Nxe5 8.
Rxe5 O-O 9. Nc3 Ne8 10. Nd5 Bd6 11. Re1 c6 12. Ne3 Bc7 13. Nf5 d5 14. Ne7+ Kh8
15. Nxc8 Qxc8 16. d3 Nf6 17. Qf3 Kg8 18. g3 Bd6 19. Bg5 Qg4 20. Qxg4 Nxg4 21.
Be7 Bxe7 22. Rxe7 Rab8 23. Rae1 Nf6 24. c4 Rfd8 25. d4 Kf8 26. c5 g6 27. f3 Re8
28. Rxe8+ Nxe8 29. b4 Nc7 30. Kf2 Ne6 31. Rd1 b6 32. a3 b5 33. Bh3 f5 34. Ke3 a5
35. Rb1 axb4 36. axb4 Ra8 37. Bf1 Ra2 38. h4 Ke7 39. Rb3 Kf6 40. f4 h6 41. Rb1
g5 42. hxg5+ hxg5 43. fxg5+ Nxg5 44. Bd3 Rg2 45. Rh1 Rxg3+ 46. Ke2 Nh3 47. Rf1
f4 48. Ra1 f3+ 49. Kd2 f2 50. Bf1 Nf4 51. Ra6 Rg1 52. Rxc6+ Kf5 53. Bxb5 Rb1 54.
Ke3 f1=Q 55. Bxf1 Rxf1 56. b5 Rb1 57. b6 Rb3+ 58. Kd2 Ke4 59. Kc2 Rb5 60. Rc8
Kxd4 61. Kd2 Rb2+ 62. Ke1 Nd3+ 63. Kf1 Nxc5 0-1

[Event "MrDodgy Inv 3 Finals"]
[Site "chess24.com INT"]
[Date "2022.11.29"]
[Round "2.4"]
[White "Van Foreest, Jorden"]
[Black "Sevian, Samuel"]
[Result "1-0"]
[WhiteTitle "GM"]
[BlackTitle "GM"]
[WhiteElo "2690"]
[BlackElo "2687"]
[WhiteFideId "1039784"]
[BlackFideId "2040506"]
[EventDate "2022.11.27"]
[EventType "k.o."]

1. e4 e5 2. Nf3 Nc6 3. Bb5 a6 4. Ba4 Nf6 5. d3 Bc5 6. O-O d6 7. c3 O-O 8. Re1 b5
9. Bc2 Re8 10. Nbd2 h6 11. a4 Bb7 12. h3 Bb6 13. Nf1 d5 14. Ng3 dxe4 15. dxe4
Qxd1 16. Rxd1 Rad8 17. Rxd8 Rxd8 18. b4 Bc8 19. Nf1 Be6 20. Be3 Nd7 21. Bd3 Bxe3
22. Nxe3 Rb8 23. Kf1 Kf8 24. Ke2 Ne7 25. h4 Nc8 26. axb5 axb5 27. Ra6 Ke7 28. g3
Nd6 29. Nd2 Rb6 30. Ra7 Kd8 31. f4 f6 32. Ra8+ Rb8 33. Ra7 c6 34. Bc2 Rb7 35.
Ra8+ Rb8 36. Ra6 Rb6 37. Ra1 c5 38. Bd3 c4 39. Bc2 Rb8 40. Nf3 Ke7 41. Ra7 Rb7
42. Ra8 exf4 43. gxf4 Rb8 44. Ra7 Rb7 45. Ra8 Rb8 46. Ra1 Bf7 47. Nd4 Rb6 48.
Ra7 Kd8 49. Ra8+ Kc7 50. Kf3 Rb8 51. Ra7+ Rb7 52. Ra6 Rb6 53. Ra1 Bh5+ 54. Kf2
Bf7 55. Rg1 g6 56. h5 g5 57. Ng4 Bxh5 58. Ne3 Bf7 59. Ra1 gxf4 60. Ng2 Bg6 61.
Nxf4 Bxe4 62. Bxe4 Nxe4+ 63. Kf3 Nxc3 64. Ra3 Rd6 65. Rxc3 Ne5+ 66. Ke4 Kb6 67.
Nd5+ Kb7 68. Nxb5 Ra6 69. Nd4 Ra1 70. Rg3 Re1+ 71. Kf5 Rd1 72. Rg7+ Kb8 73. Rg8+
Kb7 74. Rg7+ Kb8 75. Ke4 Re1+ 76. Ne3 c3 77. Rg8+ Kb7 78. Nc2 Kb6 79. Kd4 Kb5
80. Kxc3 Rc1 81. Rb8+ Kc6 82. b5+ Kc7 83. Rg8 Kb6 84. Nd5+ Kc5 85. Kb2 Kd6 86.
Kxc1 Kxd5 87. b6 Ke6 88. b7 Kf5 89. b8=Q Nd3+ 90. Kd2 Ne5 91. Qc8+ Kf4 92. Qh3 1-0

[Event "MrDodgy Inv 3 Finals"]
[Site "chess24.com INT"]
[Date "2022.11.29"]
[Round "2.5"]
[White "Sevian, Samuel"]
[Black "Van Foreest, Jorden"]
[Result "1/2-1/2"]
[WhiteTitle "GM"]
[BlackTitle "GM"]
[WhiteElo "2687"]
[BlackElo "2690"]
[WhiteFideId "2040506"]
[BlackFideId "1039784"]
[EventDate "2022.11.27"]
[EventType "k.o."]

1. d4 Nf6 2. Bf4 d5 3. Nf3 Bf5 4. e3 e6 5. Nbd2 Bd6 6. Bg3 Nbd7 7. Bd3 Bxg3 8.
hxg3 Bxd3 9. cxd3 c5 10. Qa4 O-O 11. O-O a6 12. dxc5 Nxc5 13. Qa3 Qb6 14. Rac1
Rac8 15. b4 Ncd7 16. Nb3 Rfd8 17. Nc5 Nb8 18. Rb1 Nc6 19. Rfc1 Ne8 20. Na4 Qc7
21. Nd4 Qd6 22. Nxc6 Rxc6 23. Rxc6 Qxc6 24. Rc1 Qd6 25. Nc5 Rb8 26. e4 Nf6 27.
Nxb7 Qb6 28. Nc5 dxe4 29. dxe4 h5 30. Qe3 Ng4 31. Qg5 Qxb4 32. Nxa6 Qb5 33. Qxb5
Rxb5 34. a4 Rb2 35. Nc5 Ra2 36. Rf1 g6 37. f3 Ne3 38. Rf2 Ra1+ 39. Kh2 Nf1+ 40.
Kh3 Ne3 41. Kh2 Nf1+ 42. Kh3 Ne3 43. Kh2 1/2-1/2

[Event "MrDodgy Inv 3 Finals"]
[Site "chess24.com INT"]
[Date "2022.11.29"]
[Round "2.6"]
[White "Van Foreest, Jorden"]
[Black "Sevian, Samuel"]
[Result "0-1"]
[WhiteTitle "GM"]
[BlackTitle "GM"]
[WhiteElo "2690"]
[BlackElo "2687"]
[WhiteFideId "1039784"]
[BlackFideId "2040506"]
[EventDate "2022.11.27"]
[EventType "k.o."]

1. e4 c6 2. d4 d5 3. e5 Bf5 4. Nf3 e6 5. Be2 Ne7 6. c3 h6 7. O-O Nd7 8. a4 a5 9.
Na3 Qc7 10. Nc2 Bh7 11. Re1 Ng6 12. Bd3 Be7 13. g3 O-O 14. h4 Rfe8 15. h5 Ngf8
16. Bxh7+ Nxh7 17. Bf4 b5 18. Ne3 Qb7 19. Ng4 Bf8 20. Qd2 Kh8 21. Ne3 Reb8 22.
Reb1 c5 23. axb5 Qxb5 24. Kg2 Nb6 25. g4 Be7 26. b3 Qd7 27. dxc5 Bxc5 28. g5
hxg5 29. Nxg5 Nxg5 30. Bxg5 d4 31. Ng4 dxc3 32. Qf4 Qd4 33. Qg3 Nd5 34. h6 Qe4+
35. Kh2 g6 36. Rd1 c2 37. Rxd5 exd5 38. Qh4 Rb6 39. h7 Bf8 40. Rc1 Bg7 41. Qg3
d4 42. Nf6 Qf5 43. Qg2 Rc8 44. f4 Bxf6 45. exf6 d3 0-1

[Event "MrDodgy Inv 3 Finals"]
[Site "chess24.com INT"]
[Date "2022.11.29"]
[Round "2.7"]
[White "Sevian, Samuel"]
[Black "Van Foreest, Jorden"]
[Result "1/2-1/2"]
[WhiteTitle "GM"]
[BlackTitle "GM"]
[WhiteElo "2687"]
[BlackElo "2690"]
[WhiteFideId "2040506"]
[BlackFideId "1039784"]
[EventDate "2022.11.27"]
[EventType "k.o."]

1. c4 Nf6 2. Nc3 e5 3. Nf3 Nc6 4. g3 d5 5. cxd5 Nxd5 6. Bg2 Bc5 7. O-O O-O 8. d3
h6 9. Nxd5 Qxd5 10. Bd2 Re8 11. Bc3 Qd8 12. Nxe5 Nxe5 13. d4 Bxd4 14. Qxd4 Qxd4
15. Bxd4 c6 16. Rfd1 f6 17. b4 Be6 18. a4 a6 19. Rab1 Rad8 20. h3 Bc4 21. Bf1
Nf7 22. Bb6 Rxd1 23. Rxd1 Bb3 24. Rd7 Bxa4 25. Rxb7 Bb5 26. Rc7 Bxe2 27. Bxe2
Rxe2 28. Rxc6 Ne5 29. Rc8+ Kh7 30. Rc7 Kg6 31. Bc5 Nd3 32. Ra7 Ra2 33. Rd7 Ra1+
34. Kg2 Ne1+ 35. Kf1 Nf3+ 36. Kg2 Ne1+ 37. Kf1 Nf3+ 38. Kg2 Ne1+ 1/2-1/2